| 000 | 00349cam a22001217a 4500 | ||
|---|---|---|---|
| 008 | 180718b1958 xxu||||| |||| 00| 0 eng d | ||
| 082 | _aP1108 M827 | ||
| 100 | _aMorley, W. Fenton, et. al. | ||
| 245 |
_aThree-year teacher training _cby W. Fenton Morley, et. al. |
||
| 260 |
_aLondon _bMethuen _c1958 |
||
| 300 | _a52p. | ||
| 650 | _aTeachers - Education | ||
| 999 |
_c374390 _d374390 |
||